000 00834nam a2200193 a 4500
003 0
005 20250528121613.0
008 021119s19uu xx 00 eng d
050 _aPHS KPM 2095
_b.C37 2002
100 _aCarandang, Camilla Carla M.
245 _aThe Perceptions of law professionals, clergymen and transgendered individuals towards providing legal recognition to transsexuals /
_cCamilla Carla M. Carandang.
260 _aLas PiƱas City, Philippines :
_bSouthville International School and Colleges,
_c2002.
300 _a63 pages ;
_c28 cm.
504 _aIncludes bibliographical references.
650 _aTransgender people
_xLegal status, laws, etc.
_zPhilippines.
650 _aTransgender people
_xCivil rights
_zPhilippines.
650 _aTranssexuals
_xLegal status, laws, etc.
_zPhilippines.
942 _2lcc
_cPASS
999 _c96686
_d96686